书目信息 |
| 题名: |
关系性存在
|
|
| 作者: | 格根 著 ;杨莉萍 译 | |
| 分册: | ||
| 出版信息: | 上海 上海教育出版社 2017 |
|
| 页数: | 421页 | |
| 开本: | 24cm | |
| 丛书名: | 社会建构论译丛 | |
| 单 册: | ||
| 中图分类: | C91-02 | |
| 科图分类: | ||
| 主题词: | 建构主义--社会哲学--研究 | |
| 电子资源: | ||
| ISBN: | 978-7-5444-7387-3 | |
| 000 | 01790oam2 2200313 450 | |
| 001 | 7220 | |
| 005 | 20180605110819.05 | |
| 010 | @a978-7-5444-7387-3@b精装@dCNY88.00 | |
| 100 | @a20180217d2017 em y0chiy50 ea | |
| 101 | 1 | @achi@ceng |
| 102 | @aCN@b310000 | |
| 105 | @aa z 001yy | |
| 200 | 1 | @a关系性存在@9guan xi xing cun zai@e超越自我与共同体@dRelational being@ebeyond self and community@f(美)肯尼思·J. 格根著@g杨莉萍译@zeng |
| 210 | @a上海@c上海教育出版社@d2017 | |
| 215 | @a421页@c图,照片@d24cm | |
| 225 | 1 | @a社会建构论译丛@f杨莉萍,(美)肯尼思·J. 格根主编@v3 |
| 300 | @a上海文化发展基金会图书出版专项基金资助项目 焦点科技股份有限公司“优势教育”项目 | |
| 305 | @a由Oxford University Press授权上海教育出版社独家出版发行 | |
| 314 | @a肯尼思·J.格根 (Kenneth J. Gergen) (1935-),男,国际知名心理学家,后现代社会建构论的奠基人与倡导者,现任美国斯沃斯摩尔学院资深教授,并在多所世界著名大学担任客座教授。他是国际社会建构论研究中心美国陶斯研究院的创始人及董事会主席。著述颇丰,其中包括著作30余部,论文近400篇。 | |
| 330 | @a本书是社会建构论领域最新和最具权威性的著作。作者在书中阐释了当前心理学理论与实践的发展,发展了一种具有巨大潜力的、激动人心的关系主义的思想与实践,并试图把这种对人类活动的关系主义理解(心理是一种关系的显现)应用于包括家庭治疗、合作课程和组织心理学等日常专业实践之中。作者在书中揭示了关系过程的重要性,以取代人们长期以来对个体和共同体的过度关注。 | |
| 461 | 0 | @12001 @a社会建构论译丛 |
| 510 | 1 | @aRelational being@ebeyond self and community@zeng |
| 517 | 1 | @a超越自我与共同体@9chao yue zi wo yu gong tong ti |
| 606 | 0 | @a建构主义@x社会哲学@x研究 |
| 690 | @aC91-02@v5 | |
| 701 | 0 | @c(美)@a格根@9ge gen@c(Gergen, Kenneth J.@f1935-)@4著 |
| 702 | 0 | @a杨莉萍@9yang li ping@4译 |
| 801 | 0 | @aCN@b91MARC@c20180217 |
| 905 | @aMuseLib@dC91-02@e1343 | |
| 关系性存在:超越自我与共同体=Relational being:beyond self and community/(美)肯尼思·J. 格根著/杨莉萍译.-上海:上海教育出版社,2017 |
| 421页:图,照片;24cm.-(社会建构论译丛/杨莉萍,(美)肯尼思·J. 格根主编;3) |
| 上海文化发展基金会图书出版专项基金资助项目 焦点科技股份有限公司“优势教育”项目 |
| ISBN 978-7-5444-7387-3(精装):CNY88.00 |
| 本书是社会建构论领域最新和最具权威性的著作。作者在书中阐释了当前心理学理论与实践的发展,发展了一种具有巨大潜力的、激动人心的关系主义的思想与实践,并试图把这种对人类活动的关系主义理解(心理是一种关系的显现)应用于包括家庭治疗、合作课程和组织心理学等日常专业实践之中。作者在书中揭示了关系过程的重要性,以取代人们长期以来对个体和共同体的过度关注。 |
| ● |
| 相关链接 |
|
|
|
|
正题名:关系性存在
索取号:C91-02/1343
 
预约/预借
| 序号 | 登录号 | 条形码 | 馆藏地/架位号 | 状态 | 备注 |
| 1 | 1116945 | 211169457 | 第一样本阅览室/ [索取号:C91-02/1343] | 在馆 | |
| 2 | 1116946 | 211169466 | 教育系资料室/ [索取号:C91-02/1343] | 在馆 | |
| 3 | 1116947 | 211169475 | 教育系资料室/ [索取号:C91-02/1343] | 在馆 | |
| 4 | 1116948 | 211169484 | 第一借阅区/ [索取号:C91-02/1343] | 在馆 |